000 00714nam 2200193 4500
001 5999
090 _a5999
100 _a20190729k u||y0frey50 ba
101 _afre
_aspa
200 _aNiños desaparecidos
_bBrochure
_fAbuelas de Plaza de Mayo
210 _aGenève
_cMémoire pour des hommes libres en Argentine
_d1984
215 _a28 p.
_cill.
_d21 cm
225 _aNon-violence politique
_vJuillet-Août 1974
606 _96821
_aArgentine 1976-1983 : Dictature militaire Processus de réorganisation nationale
606 _91411
_aDroits de l'homme
607 _91862
_aArgentine
710 _96820
_aGrands-mères de la place de Mai
712 _96838
_aMémoire pour des hommes libres en Argentine
801 _aCH
_bCH-002049-8